Govt. of
Madhya Pradesh

Hanuman's Adventure In The Nether World (Record no. 13707)

MARC details
000 -LEADER
fixed length control field 003640000a22001570004500
001 - CONTROL NUMBER
control field 001791
003 - CONTROL NUMBER IDENTIFIER
control field MACL
040 ## - CATALOGING SOURCE
Original cataloging agency MACL
090 ## - LOCALLY ASSIGNED LC-TYPE CALL NUMBER (OCLC); LOCAL CALL NUMBER (RLIN)
-- 13784
-- 13783
100 ## - MAIN ENTRY--PERSONAL NAME
Personal name Mahadevan, Madhavi S.
245 ## - TITLE STATEMENT
Title Hanuman's Adventure In The Nether World
Statement of responsibility, etc. Madhavi S. Mahadevan
260 ## - PUBLICATION, DISTRIBUTION, ETC. (IMPRINT)
Place of publication, distribution, etc. Katha,
Date of publication, distribution, etc. 2005
350 ## - PRICE (NR) (BK AM CF MU VM SE) [OBSOLETE]
Price 200
650 ## - SUBJECT ADDED ENTRY--TOPICAL TERM
Topical term or geographic name as entry element Children's Book
942 ## - ADDED ENTRY ELEMENTS (KOHA)
Call number prefix 742
Koha item type Library Membar
Holdings
Withdrawn status Lost status Damaged status Not for loan Home library Current library Date acquired Total Checkouts Full call number Barcode Date last seen Date last checked out Uniform Resource Identifier Price effective from Koha item type
        MACL MACL 15/04/2015 1 742 Book CRE18105 20/10/2015 13/09/2015 13586 15/04/2015 Books